| 000 | 00643nam a2200181 i 4500 | ||
|---|---|---|---|
| 001 | 157692 | ||
| 003 | ES-MaACL | ||
| 005 | 20230906210819.0 | ||
| 008 | 990210m18881894fr |||| | fre d | ||
| 040 |
_aCCPB | B _bspa _cCCPB | B |
||
| 100 | 0 |
_aLiard, Louis. _972157 |
|
| 245 | 1 | 2 |
_aL´enseignement supérieur en France _b: 1789-1889 / _cLouis Liard. |
| 260 |
_aParis : _bArmand Colin et Cie, _c1888-1894. |
||
| 300 |
_a2 v. ; _c23 cm. |
||
| 597 | _aAntep. | ||
| 650 |
_aEnseñanza superior- _zFrancia. _9154616 |
||
| 852 |
_aES-MaACL _jB-12416-12417 _z-- Rust. _q-- Falto de port. el t.II _x-- Edic.: El imp. es Imp. E. Capiomont et c\pie\s |
||
| 999 |
_c157692 _d157692 |
||